000 01258nam a2200253 a 4500
001 000000571
005 20250916134336.0
008 081209s2008 dr a 000 0 spa d
040 _aDO-SdBNP
_bspa
_cBNPHU
082 _a320.11
_bE77v
100 1 _aEspinal Báez, Nelson
_91883
245 1 0 _aVerdad y reconciliación :
_breflexiones para un nuevo contrato social /
_cNelson Espinal Báez.
260 _aSanto Domingo :
_bFINJUS,
_c2008.
300 _axiii, 90 p. :
_bil. ;
_c26 cm.
500 _aEl autor es miembro del Programa de Negociación de Conflictos Públicos de la Universidad de Harvard y el MIT
500 _aIncluye referencias bibliográficas y notas al pie de las páginas
505 0 _tAgradecimientos --
_tPresentación --
_tDedicatoria --
_tIntroducción --
_tLa imagen de enemigo --
_tPaz, conflicto y violencia --
_tSistema de justicia --
_tModelo verdad y reconciliación. Caso africano del sur --
_tEpílogo --
_tReferencias bibliográficas --
_tSobre el autor.
590 _aInventariado,2018/DG
650 4 _aContrato social
_91884
650 4 _aConflictos internacionales
_91885
650 0 _aViolencia
_91750
710 2 _aFundación Institucionalidad y Justicia (República Dominicana)
_91886
910 _aValidado. Control de calidad MFF
999 _c569
_d569